000 00867cam a22002414a 4500
001 12034873
005 20180312045058.0
008 000608s2001 mdu b 001 0 eng
010 _a 00042563
020 _a0847688615 (alk. paper)
040 _aDLC
_cDLC
_dDLC
041 _aeng
042 _apcc
080 _a305.80083 deb
082 0 0 _a305.80083 deb
_221
100 1 _a59
101 _asoc
245 1 4 _aThe first R :
_cDebra Van Ausdale and Joe R. Feagin.
504 _aIncludes bibliographical references (p. 215-222) and index.
906 _a7
_bcbc
_corignew
_d1
_eocip
_f20
_gy-gencatlg
942 _2ddc
_cBK
999 _c44676
_d44676